000 00729nam a22001577a 4500
003 OSt
005 20151006130058.0
008 151005b xxu||||| |||| 00| 0 eng d
040 _cRUA
082 _aAVM KHA 2000 B072 Or.1
100 _92079
_aKHAUV, SOLANETH.
245 _aTHEeffects of artificial insemination cattle in order to reduce the poverty in cambodia, ឥទ្ធិពលនៃកាបង្កាត់គោដោយសិប្បនិមិ្មត​សំដៅកាត់បន្ថយភាពក្រីក្ររបស់ប្រជាកសិករ​ ក្នុងប្រទេសកម្ពុជា
260 _aPhnom Penh
_bRUA
_c2001
300 _a43p.
_bill.
_c29cm.
942 _2ddc
_cAVM
999 _c1964
_d1964